000 00578nam a2200193 i 4500
001 78717
003 ES-MaACL
005 20250929063132.0
007 t|
008 041015s1904 fr ||||1| fre d
100 1 _aHédon, Emmanuel,
_d1863-1933
_962302
245 1 0 _aPrécis de Physiologie /
_cpar E. Hedon.
250 _a4eme ed., corrigée et augmentée.
260 _aParis :
_bOctave Doin,
_c1904 (
_eEvreux :
_fHérissey)
300 _aII, 666 p. :
_bil. ;
_c18 cm.
650 4 _aFisiología.
_9136120
852 _aES-MaACL
_jF-2613
999 _c78717
_d78717